ბათუმის შოთა რუსთაველის სახელმწიფო უნივერსიტეტის ბიბლიოთეკა

Japan's love-hate relationship with the West / (ბიბ.ჩანაწერი № 63951)

000 -LEADER
fixed length control field 01010nam a22002057a 4500
005 - DATE AND TIME OF LATEST TRANSACTION
control field 20260226153814.0
008 - FIXED-LENGTH DATA ELEMENTS--GENERAL INFORMATION
fixed length control field 260226s2005 enk|||||s|||| 00| 0 eng d
020 ## - INTERNATIONAL STANDARD BOOK NUMBER
International Standard Book Number 9781901903812x
041 ## - LANGUAGE CODE
Language code of text/sound track or separate title eng
080 ## - UNIVERSAL DECIMAL CLASSIFICATION NUMBER
Universal Decimal Classification number 327(510:520) H-68
100 ## - MAIN ENTRY--PERSONAL NAME
Personal name Hirakawa, Sukehiro
9 (RLIN) 26994
245 ## - TITLE STATEMENT
Title Japan's love-hate relationship with the West /
Statement of responsibility, etc. Sukehiro Hirakawa.
264 ## - PRODUCTION, PUBLICATION, DISTRIBUTION, MANUFACTURE, AND COPYRIGHT NOTICE
Place of production, publication, distribution, manufacture Kent :
Name of producer, publisher, distributor, manufacturer Global oriental,
Date of production, publication, distribution, manufacture, or copyright notice 2005.
300 ## - PHYSICAL DESCRIPTION
Extent 557 p. ;
Other physical details 23 cm.
653 ## - INDEX TERM--UNCONTROLLED
keyword იაპონია-დასავლეთის საერთაშორისო ურთიერთობები
653 ## - INDEX TERM--UNCONTROLLED
keyword დასავლეთ-იაპონიის საერთაშორისო ურთიერთობები
653 ## - INDEX TERM--UNCONTROLLED
keyword იაპონია-ჩინეთის საერთაშორისო ურთიერთობები
653 ## - INDEX TERM--UNCONTROLLED
keyword იაპონური ლიტერატურის ისტორია და კრიტიკა
942 ## - ADDED ENTRY ELEMENTS (KOHA)
Source of classification or shelving scheme
Koha item type წიგნი
ეგზემპლარები
Withdrawn status Lost status Source of classification or shelving scheme Damaged status Not for loan Permanent Location Current Location Shelving location Date acquired Cost, normal purchase price Full call number Barcode Date last seen Copy number Uniform Resource Identifier Price effective from Koha item type Public note
          ბათუმის შოთა რუსთაველის სახელმწიფო უნივერსიტეტის მთავარი ბიბლიოთეკა ბათუმის შოთა რუსთაველის სახელმწიფო უნივერსიტეტის მთავარი ბიბლიოთეკა წიგნსაცავი 2026-02-26 15.00 327(510:520) H-68 73826 2026-02-26 73826 იაპონიის ელჩის საჩუქარი 2026-02-26 წიგნი 15 ლ.